| 000 | 00466nam a22001817a 4500 | ||
|---|---|---|---|
| 005 | 20250613114858.0 | ||
| 008 | 250613b |||||||| |||| 00| 0 eng d | ||
| 020 |
_a9780340911631 _qpbk |
||
| 041 | _aeng | ||
| 082 | _a823.92 FLE | ||
| 100 | _aFletcher Charlie | ||
| 245 |
_aStone heart _c/ Charlie Fletcher |
||
| 250 | _a1st ed | ||
| 260 |
_aNew york _bHodder children's book _c2006 |
||
| 300 |
_a484p. : _c22cm |
||
| 650 | _aEnglish fiction | ||
| 942 | _cENGLISH | ||
| 999 |
_c572202 _d572202 |
||